000 00525 a2200169 4500
999 _c1749
_d1749
020 _a9781137340856
050 _aHF5657 OAK 2014
100 _aOakshott, Les
_eauthor
245 _aQuantitative methods /
_cLes Oakshott
264 _aHampshire, New York :
_bPalgrave Macmillan,
_c2014
300 _axv, 234p.:
500 _aIncludes bibliographical references and index
650 _aQuantitative methods
650 _aManagement
_xMathematical models
650 _aBusiness mathematics.
942 _2lcc
_cBK
_h5657
_iOAK
_kHF